000 00337 a2200157 4500
001 181773
020 _a
040 _cMagnum
100 _aLucio, Neio
240 1 0 _aA vida fala - 1
_lpor
245 1 0 _aA vida fala - 1
362 0 _a1899
440 1 _aFederação Espírita Brasileira
697 _aMAGNITO: IJ/GERAL
942 _cBK
999 _c181773
_d181773